Random World Capitals by Coordinates - Statistics

General Stats
  • This quiz has been taken 110 times
  • The average score is 6 of 20
Answer Stats
Latitude Longitude Capital City % Correct
46.95°N 7.45°E Bern
100%
6.21°S 106.85°E Jakarta
100%
27.70°N 85.30°E Kathmandu
100%
6.14°N 1.21°E Lome
100%
53.90°N 27.56°E Minsk
100%
34.02°N 6.84°W Rabat
100%
41.90°N 12.50°E Rome
100%
43.94°N 12.46°E San Marino
100%
33.45°S 70.67°W Santiago
100%
14.08°N 87.20°W Tegucigalpa
100%
35.72°N 51.40°E Tehran
100%
35.65°N 139.84°E Tokyo
100%
52.24°N 21.02°E Warsaw
100%
3.84°N 11.50°E Yaounde
100%
19.43°N 99.13°W Mexico City
80%
40.42°N 3.70°W Madrid
75%
52.52°N 13.40°E Berlin
67%
28.64°N 77.22°E Delhi
67%
0.35°N 32.58°E Kampala
67%
12.05°S 77.04°W Lima
67%
49.61°N 6.13°E Luxembourg City
67%
8.98°N 79.52°W Panama City
67%
0.18°S 78.47°W Quito
67%
41.72°N 44.78°E Tbilisi
67%
36.82°N 10.17°E Tunis
67%
48.21°N 16.37°E Vienna
67%
40.18°N 44.50°E Yerevan
67%
4.62°N 74.06°W Bogota
60%
51.51°N 0.12°W London
60%
43.85°N 18.39°E Sarajevo
60%
5.55°N 0.02°W Accra
50%
31.96°N 35.93°E Amman
50%
52.37°N 4.90°E Amsterdam
50%
4.36°N 18.55°E Bangui
50%
33.89°N 35.50°E Beirut
50%
9.51°N 13.71°W Conakry
50%
38.65°N 68.77°E Dushanbe
50%
6.80°N 58.16°W Georgetown
50%
60.17°N 24.94°E Helsinki
50%
33.74°N 73.08°E Islamabad
50%
0.39°N 9.45°E Libreville
50%
8.84°S 13.23°E Luanda
50%
4.18°N 73.51°E Male
50%
43.74°N 7.42°E Monaco
50%
55.75°N 37.62°E Moscow
50%
51.17°N 71.45°E Nur-sultan
50%
48.86°N 2.35°E Paris
50%
24.77°N 46.74°E Riyadh
50%
9.93°N 84.09°W San Jose
50%
59.33°N 18.06°E Stockholm
50%
59.44°N 24.75°E Tallinn
50%
39.91°N 116.36°E Beijing
40%
10.50°N 66.92°W Caracas
40%
53.35°N 6.26°W Dublin
40%
1.94°S 30.08°E Kigali
40%
1.28°S 36.82°E Nairobi
40%
25.11°N 121.60°E Taipei
40%
35.90°N 14.51°E Valletta
40%
29.09°S 26.15°E Bloemfontein
33%
30.06°N 31.25°E Cairo
33%
11.57°N 43.15°E Djibouti
33%
25.29°N 51.53°E Doha
33%
50.45°N 30.52°E Kiev
33%
25.06°N 77.34°W Nassau
33%
12.37°N 1.53°W Ouagadougou
33%
39.02°N 125.74°E Pyongyang
33%
1.29°N 103.85°E Singapore
33%
41.33°N 19.82°E Tirana
33%
32.89°N 13.18°E Tripoli
33%
22.56°S 17.08°E Windhoek
33%
42.51°N 1.52°E Andorra la Vella
25%
40.41°N 49.87°E Baku
25%
13.74°N 100.52°E Bangkok
25%
58.38°S 34.61°W Buenos Aires
25%
14.63°N 90.52°W Guatemala City
25%
4.32°S 15.31°E Kinshasa
25%
16.49°S 68.12°W La Paz
25%
26.22°N 50.58°E Manama
25%
13.51°N 2.11°E Niamey
25%
18.08°N 15.97°W Nouakchott
25%
45.41°N 75.70°W Ottawa
25%
5.84°N 55.20°W Paramaribo
25%
50.09°N 14.42°E Prague
25%
41.90°N 12.45°E Vatican City
25%
54.69°N 25.28°E Vilnius
25%
8.48°N 13.23°W Freetown
20%
13.97°S 33.79°E Lilongwe
20%
23.61°N 58.55°E Muscat
20%
15.30°N 44.18°E Sana'a
20%
18.48°N 69.93°W Santo Domingo
20%
42.88°N 74.58°E Bishkek
17%
24.47°N 54.37°E Abu Dhabi
0%
9.07°N 7.49°E Abuja
0%
9.01°N 38.76°E Addis Ababa
0%
36.73°N 3.09°E Algiers
0%
39.93°N 32.87°E Ankara
0%
18.91°S 47.54°E Antananarivo
0%
37.86°N 58.24°E Ashgabat
0%
15.32°N 38.93°E Asmara
0%
25.30°S 57.64°W Asuncion
0%
37.98°N 23.73°E Athens
0%
33.31°N 44.36°E Baghdad
0%
12.65°N 8.00°W Bamako
0%
4.94°N 114.95°E Bandar Seri Begawan
0%
13.45°N 16.58°W Banjul
0%
17.36°N 62.75°W Basseterre
0%
44.79°N 20.46°E Belgrade
0%
17.25°N 88.77°W Belmopan
0%
11.86°N 15.60°W Bissau
0%
15.79°S 47.88°W Brasilia
0%
48.15°N 17.11°E Bratislava
0%
13.11°N 59.60°W Bridgetown
0%
50.85°N 4.35°E Brussels
0%
44.44°N 26.10°E Bucharest
0%
47.50°N 19.04°E Budapest
0%
33.92°S 18.42°E Cape Town
0%
14.00°N 61.01°W Castries
0%
47.02°N 28.83°E Chisinau
0%
55.68°N 12.57°E Copenhagen
0%
14.72°N 17.47°W Dakar
0%
33.51°N 36.28°E Damascus
0%
23.71°N 90.41°E Dhaka
0%
8.56°S 125.57°E Dili
0%
6.16°S 35.75°E Dodoma
0%
24.65°S 25.91°E Gaborone
0%
3.43°S 29.93°E Gitega
0%
21.03°N 105.80°E Hanoi
0%
17.82°S 31.05°E Harare
0%
23.11°N 82.37°W Havana
0%
31.77°N 35.22°E Jerusalem
0%
4.85°N 31.58°E Juba
0%
34.54°N 69.16°E Kabul
0%
15.56°N 32.53°E Khartoum
0%
18.00°N 76.79°W Kingston
0%
13.16°N 61.23°W Kingstown
0%
3.14°N 101.69°E Kuala Lumpur
0%
29.38°N 47.99°E Kuwait City
0%
38.74°N 9.14°W Lisbon
0%
46.06°N 14.51°E Ljubljana
0%
15.41°S 28.29°E Lusaka
0%
3.76°N 8.78°E Malabo
0%
12.13°N 86.25°W Managua
0%
14.60°N 120.98°E Manila
0%
25.95°S 32.59°E Maputo
0%
29.32°S 27.48°E Maseru
0%
2.05°N 45.32°E Mogadishu
0%
6.30°N 10.80°W Monrovia
0%
34.90°S 56.14°W Montevideo
0%
11.70°S 43.26°E Moroni
0%
19.74°N 96.12°E Naypyidaw
0%
12.14°N 15.05°E N'Djamena
0%
35.19°N 33.38°E Nicosia
0%
59.91°N 10.76°E Oslo
0%
11.56°N 104.89°E Phnom Penh
0%
42.44°N 19.27°E Podgorica
0%
18.54°N 72.34°W Port-au-Prince
0%
20.17°S 57.50°E Port Louis
0%
10.67°N 61.52°W Port of Spain
0%
6.50°N 2.60°E Porto-Novo
0%
14.93°N 23.51°W Praia
0%
25.73°S 28.22°E Pretoria
0%
42.67°N 21.17°E Pristina
0%
64.13°N 21.82°W Reykjavik
0%
56.95°N 24.10°E Riga
0%
15.30°N 61.39°W Roseau
0%
12.06°N 61.75°W Saint George's
0%
17.09°N 61.77°W Saint John's
0%
13.80°N 88.91°W San Salvador
0%
0.26°N 6.60°E Sao Tome
0%
37.53°N 127.02°E Seoul
0%
42.00°N 21.43°E Skopje
0%
42.70°N 23.32°E Sofia
0%
6.89°N 79.90°E Sri Jayawardenepura Kotte
0%
19.02°S 65.26°W Sucre
0%
41.31°N 69.24°E Tashkent
0%
27.47°N 89.64°E Thimphu
0%
47.92°N 106.92°E Ulaanbaatar
0%
47.14°N 9.52°E Vaduz
0%
4.62°S 55.46°E Victoria
0%
17.97°N 102.63°E Vientiane
0%
33.89°N 77.01°W Washington
0%
6.82°N 5.28°W Yamoussoukro
0%
45.81°N 12.98°E Zagreb
0%
No matching quizzes found
Score Distribution
Percent of People with Each Score
Percentile by Number Answered
Your Score History
You have not taken this quiz